| 000 | 00428cam a2200145 4500500 | ||
|---|---|---|---|
| 005 | 20260111090247.0 | ||
| 041 | _afre | ||
| 042 | _adc | ||
| 100 | 1 | 0 |
_aMambrino, Jean _eauthor |
| 245 | 0 | 0 | _aUn poème de Henry Vaughan |
| 260 | _c2001. | ||
| 500 | _a1 | ||
| 786 | 0 | _nÉtudes | 395 | 10 | 2001-10-01 | p. 377-381 | 0014-1941 | |
| 856 | 4 | 1 | _uhttps://shs.cairn.info/revue-etudes-2001-10-page-377?lang=fr&redirect-ssocas=7080 |
| 999 |
_c1618708 _d1618708 |
||